Multiculturalism and integration policies in the european union : (رقم التسجيلة. 179957)

تفاصيل مارك
000 -LEADER
fixed length control field 04701namaa22004211i 4500
003 - CONTROL NUMBER IDENTIFIER
control field EG-GICUC
005 - أخر تعامل مع التسجيلة
control field 20260504130951.0
008 - FIXED-LENGTH DATA ELEMENTS--GENERAL INFORMATION
fixed length control field 260504s2025 ua a|||frm||| 000 0 eng d
040 ## - CATALOGING SOURCE
Original cataloguing agency EG-GICUC
Language of cataloging eng
Transcribing agency EG-GICUC
Modifying agency EG-GICUC
Description conventions rda
041 0# - LANGUAGE CODE
Language code of text/sound track or separate title eng
Language code of summary or abstract eng
-- ara
049 ## - Acquisition Source
Acquisition Source Deposit
082 04 - DEWEY DECIMAL CLASSIFICATION NUMBER
Classification number 341.2422
092 ## - LOCALLY ASSIGNED DEWEY CALL NUMBER (OCLC)
Classification number 341.2422
Edition number 21
097 ## - Degree
Degree Ph.D
099 ## - LOCAL FREE-TEXT CALL NUMBER (OCLC)
Local Call Number Cai01.03.04.M.Sc.2025.Ma.M
100 0# - MAIN ENTRY--PERSONAL NAME
Authority record control number or standard number Manar Mohammed Abul Qasem Hafez Ahmed,
Preparation preparation.
245 10 - TITLE STATEMENT
Title Multiculturalism and integration policies in the european union :
Remainder of title a comparative study of education and citizenship in germany and the netherlands /
Statement of responsibility, etc. by Manar Mohammed Abul Qasem Hafez Ahmed ; Supervised Dr. Nahed Ezzeldeen.
246 15 - VARYING FORM OF TITLE
Title proper/short title التعددية الثقافية وسياسات الدمج فى الاتحاد الاوروبى :
Remainder of title دراسة مقارنة لسياسات التعليم والمواطنة فى المانيا وهولندا
264 #0 - PRODUCTION, PUBLICATION, DISTRIBUTION, MANUFACTURE, AND COPYRIGHT NOTICE
Date of production, publication, distribution, manufacture, or copyright notice 2025.
300 ## - PHYSICAL DESCRIPTION
Extent 275 pages :
Other physical details illustrations ;
Dimensions 25 cm. +
Accompanying material CD.
336 ## - CONTENT TYPE
Content type term text
Source rda content
337 ## - MEDIA TYPE
Media type term Unmediated
Source rdamedia
338 ## - CARRIER TYPE
Carrier type term volume
Source rdacarrier
502 ## - DISSERTATION NOTE
Dissertation note Thesis (Ph.D)-Cairo University, 2025.
504 ## - BIBLIOGRAPHY, ETC. NOTE
Bibliography, etc. note Bibliography: pages 247-275.
520 #3 - SUMMARY, ETC.
Summary, etc. This study explores how historical legacies, political dynamics, and institutional structures influence the evolving approaches to multiculturalism in the Netherlands and Germany. Although shaped by different colonial and migration histories, both countries show a tendency to prioritize integration models that lean toward assimilation, particularly within education and citizenship policies. Through a qualitative study, using frameworks such as Kymlicka’s multiculturalism, Social Identity Theory, Integrated Threat Theory, and postcolonial perspectives, the analysis highlights the gap that often emerges between policy intentions and the everyday experiences of Syrian immigrants. Assessments of multicultural indices suggest that formal policy scores may not fully reflect practical implementation or immigrants’ perceptions of belonging. Overall, the study indicates that more consistent and inclusive policy application will be essential to strengthening integration outcomes and fostering a more cohesive and pluralistic society.
520 #3 - SUMMARY, ETC.
Summary, etc. تنظر هذه الدراسة فى كيف تؤثر الإرث التاريخية، والديناميات السياسية، والبُنى المؤسسية في تطوّر مقاربات التعددية الثقافية في كلٍّ من هولندا وألمانيا. فعلى الرغم من اختلاف السياقات الاستعمارية وتاريخ الهجرة في البلدين، إلا أنهما يميلان إلى تبنّي نماذج دمج تقترب من الانصهار فى الثقافة المضيفة، خاصة في سياسات التعليم والمواطنة. تستخدم الدراسة منهجية نوعية وتستند إلى أطر نظرية مثل التعددية الثقافية لدى كيمليكا، ونظرية الهوية الاجتماعية، ونظرية التهديد المتكامل، والمنظور ما بعد الاستعماري.أظهرت نتائج الدراسة الفجوة ما بين أهداف السياسات والتجارب اليومية للاجئين السوريين. كذلك تشير تقييمات مؤشرات التعددية الثقافية إلى أن الدرجات المعطاة للسياسات الرسمية فيما يخص سياسات التعددية الثقافية فى البلدين قد لا تعكس دائماً التطبيق العملي أو إحساس المهاجرين بالانتماء. وعليه، تُظهر الدراسة أن تطبيق السياسات بشكل أكثر اتساقاً وشمولاً سيكون ضرورياً لتعزيز نتائج الاندماج ودعم بناء مجتمع أكثر تماسكاً وتعدّدية.
530 ## - ADDITIONAL PHYSICAL FORM AVAILABLE NOTE
Issues CD Issues also as CD.
546 ## - LANGUAGE NOTE
Text Language Text in English and abstract in Arabic & English.
650 #7 - SUBJECT ADDED ENTRY--TOPICAL TERM
Topical term or geographic name entry element European Union
650 #7 - SUBJECT ADDED ENTRY--TOPICAL TERM
Topical term or geographic name entry element الاتحاد الاوروبى
653 #1 - INDEX TERM--UNCONTROLLED
Uncontrolled term Immigration Policies
-- Education Policies
-- Citizenship Policies
-- Multiculturalism
-- Multicultural Education
-- Multicultural Citizenship
-- The European Union
-- The Syrian Refugees
-- Germany
-- The Netherlands
-- سياسات الهجرة
-- سياسات التعليم
700 0# - ADDED ENTRY--PERSONAL NAME
Personal name Nahed Ezzeldeen
Relator term thesis advisor.
900 ## - Thesis Information
Grant date 01-01-2025.
Supervisory body Nahed Ezzeldeen
Universities Cairo University
Faculties Faculty of Economics and Political Science
Department Department of Political Science
905 ## - Cataloger and Reviser Names
Cataloger Name Shimaa
942 ## - ADDED ENTRY ELEMENTS (KOHA)
Source of classification or shelving scheme Dewey Decimal Classification
Koha item type Thesis
Edition 21
Suppress in OPAC No
المقتنيات
Source of classification or shelving scheme Home library Current library Date acquired Inventory number Full call number Barcode Date last seen Effective from Koha item type
Dewey Decimal Classification المكتبة المركزبة الجديدة - جامعة القاهرة قاعة الرسائل الجامعية - الدور الاول 04.05.2026 93968 Cai01.03.04.M.Sc.2025.Ma.M 01010110093968000 04.05.2026 04.05.2026 Thesis
Cairo University Libraries Portal Implemented & Customized by: Eng. M. Mohamady Contacts: new-lib@cl.cu.edu.eg | cnul@cl.cu.edu.eg
CUCL logo CNUL logo
© All rights reserved — Cairo University Libraries
CUCL logo
Implemented & Customized by: Eng. M. Mohamady Contact: new-lib@cl.cu.edu.eg © All rights reserved — New Central Library
CNUL logo
Implemented & Customized by: Eng. M. Mohamady Contact: cnul@cl.cu.edu.eg © All rights reserved — Cairo National University Library